000 00264 a2200097 4500
090 _c3822
_d3822
100 _aSteven Holzner
245 _aXHTML with Java Script, XML and Java Black Book
260 _aDreamtech Press
_bNew Delhi
_c2000
942 _aNBS
_cBK
_k005.13 HOL
999 _c346286
_d346286